Analýza rozhodnutí Evropské komise v oblasti zneužití dominantní pozice v letech 1990-02

Európska antimonopolná politika a udeľovanie práva povoliť výnimky, ktoré závisia na odvetviach a tržných podmienkach spoločností. Zneužívanie dominantného postavenia na trhu. Faktory, ktoré majú vplyv na pozitívnu alebo negatívnu povahu nálezu identifikovaného Komisiou.

Gespeichert in:
Bibliographische Detailangaben
1. Verfasser: Bureš, Vít
Format: Buchkapitel
Sprache:Tschechisch
Schlagworte:
Tags: Tag hinzufügen
Keine Tags, Fügen Sie das erste Tag hinzu!

MARC

LEADER 00000nla a2200000 4500
001 0206803
005 20240417075100.6
041 0 |a cze 
044 |a CZ 
245 1 0 |a Analýza rozhodnutí Evropské komise v oblasti zneužití dominantní pozice v letech 1990-02  |c Vít Bureš 
520 |a Európska antimonopolná politika a udeľovanie práva povoliť výnimky, ktoré závisia na odvetviach a tržných podmienkach spoločností. Zneužívanie dominantného postavenia na trhu. Faktory, ktoré majú vplyv na pozitívnu alebo negatívnu povahu nálezu identifikovaného Komisiou. 
610 2 0 |a monopoly 
610 2 0 |a monopoly medzinárodné 
610 2 0 |a právo protimonopolné 
610 2 0 |a politika protimonopolná 
610 2 0 |a regulácia trhu 
610 2 0 |a Európska komisia 
100 1 |a Bureš, Vít